| 000 | 01495nam a2200469 i 4500 | ||
|---|---|---|---|
| 001 | 32943 | ||
| 003 | KOSZ 005 | ||
| 005 | 20200225084933.0 | ||
| 008 | 980713s1997 pl a f f |000 0 pol | ||
| 015 | _aPB 1997/6773 | ||
| 020 | _a8385530908 | ||
| 035 | _a991004876609705066 | ||
| 035 | _a(PL-WaBN)b11283245-48omnis_nlop | ||
| 035 | _ab11283245 | ||
| 035 | _a(OCoLC)830127369 | ||
| 035 | _a(PL)b0000001128324 | ||
| 035 | _a(EXLNZ-48OMNIS_NETWORK)9910027339705606 | ||
| 040 |
_aWA N _cWA N _dKOSZ 005/HR |
||
| 041 | 0 |
_apol _beng |
|
| 080 | _a331.101.1:612 | ||
| 080 | _a(075.8) | ||
| 100 | 1 |
_aOlszewski, Jerzy _c(ekonomia) _eAutor |
|
| 245 | 1 | 0 |
_aPodstawy ergonomii i fizjologii pracy / _cJerzy Olszewski ; Akademia Ekonomiczna w Poznaniu. |
| 250 | _aWyd. 2 zm. | ||
| 260 |
_aPoznań : _bWydaw. AE, _c1997. |
||
| 300 |
_a285, [3] s. : _brys., wykr. ; _c24 cm. |
||
| 380 | _aKsiążki | ||
| 380 | _aPublikacje dydaktyczne | ||
| 385 |
_mPoziom nauczania _aSzkoły wyższe |
||
| 388 | _a1901-2000 | ||
| 388 | _a1989-2000 | ||
| 504 | _aBibliogr. przy rozdz. - Summ. | ||
| 650 | 7 |
_aErgonomia _2DBN |
|
| 650 | 7 |
_aPraca _2DBN |
|
| 650 | 7 | _aFizjologia człowieka | |
| 655 | 7 |
_aPodręczniki akademickie _2DBN |
|
| 658 | _aGospodarka, ekonomia, finanse | ||
| 658 | _aMedycyna i zdrowie | ||
| 856 |
_uhttp://koha.tu.koszalin.pl/cgi-bin/koha/opac-detail.pl?biblionumber=32943 _yKatalogonline BPK |
||
| 942 |
_2UKD _cKS |
||
| 999 |
_c32943 _d32943 |
||